Quizzes
Events
Quiz Creation
Community
Videos
Private Events
Remove Ads
Sign In
Join for FREE
Feedback
Dark Mode
Quiz Categories
Sports
Geography
Music
Movies
Television
Just For Fun
Miscellaneous
History
Literature
Language
Science
Gaming
Entertainment
Religion
Holiday
For Kids
Quiz Lab
Recent
Popular Today
Quiz Kudos Today
Editor Picks
Curator Picks
Quizzes by...
Day
Popularity
Type
Ratings
Length
Year
Community
Subscriptions
Recent Discussions
Orange Saloon
Badges
Playlists
Quests
Create
Leaderboards
Showdown
Live 5
Trivia Bingo
Activity
Puzzle Library
Sporcle Events
Private Events
Virtual Trivia
Globe League
Become a Host
Pub Owners
SporcleCon
Opinionation
Our Games
Videos
Blog
Mobile Apps
Partnerships
Remove Ads and Go Orange
Feedback
Movies
Disney
Marvel Cinematic Universe
Movie Resume
Movie Titles
Oscar
Actor
Actress
Director
Pixar
Role
Movie Quotes
Movie Characters
Box Office
Nominee
Best Picture
Star Wars
James Bond
Horror Movies
Movies
Disney
Marvel Cinematic Universe
Movie Resume
Movie Titles
Oscar
Actor
Actress
Director
Pixar
Role
Movie Quotes
Movie Characters
Box Office
Nominee
Best Picture
Star Wars
James Bond
Horror Movies
Random Quiz
Search Sporcle
×
Quiz Lab
Quiz Lab
Movies
Director
Type in answers that appear in a list
Type in answers that appear in a list
Classic
Best Score? Go Orange.
IMDB Top 250 By Actor/Director Stats
Can you name the movies representing each of these actors or directors in the IMDB top 250?
By
Jethro
15m
62 Questions
613 Plays
613 Plays
613 Plays
Comments
Comments
Give Quiz Kudos
Give Quiz Kudos
-
- Ratings
hide this ad
More Info
Forced Order
Answers have to be entered in order
Answers have to be entered in order
Replay
Link that replays current quiz
Next Quiz
Link to next quiz in quiz playlist
You Got
0%
They Got
Avg Score
77%
Avg Friend Score
Upgrade to see
Score Distribution
Jump to the score distribution portion of the page
Score
0/62
Timer
15:00
0
Plays Today
Person
Movie
% Correct
Harrison Ford
Star Wars Episode IV + V + VI, Raiders of The Lost Ark, Apocalypse Now, Blade Runner, Indiana Jones And The Last Crusade, The Conversation
98.4%
Robert De Niro
The Godfather: Part II, Goodfellas, Taxi Driver, Once Upon A Time In America, Raging Bull, Heat, The Deer Hunter, Casino
98%
Tom Hanks
Toy Story 1 + 2 + 3, Forrest Gump, Saving Private Ryan, The Green Mile
97.7%
Morgan Freeman
The Shawshank Redemption, The Dark Knight, Se7en, Batman Begins, Unforgiven, Million Dollar Baby
97.1%
Quentin Tarantino
Pulp Fiction, Inglourious Basterds, Reservoir Dogs, Sin City, Kill Bill Vol. 1+ 2
96.7%
Alfred Hitchcock
Rear Window, Psycho, Vertigo, North By Northwest, Rebecca, Strangers On A Train, Notorious, Dial M For Murder, Shadow of A Doubt, Rope
96.2%
Al Pacino
The Godfather: Part I + II, Heat, Dog Day Afternoon, Scarface
96.2%
Clint Eastwood (Acting)
The Good, The Bad And The Ugly, Gran Torino, For A Few Dollars More, Unforgiven, Million Dollar Baby
96.1%
Jack Nicholson
The Shining, One Flew Over The Cuckoo's Nest, Chinatown, The Departed
95.9%
Matt Damon
Saving Private Ryan, The Departed, The Bourne Ultimatum, Good Will Hunting
95.9%
Bruce Willis
Sin City, Die Hard, The Sixth Sense, Pulp Fiction, Twelve Monkeys
95.6%
Elijah Wood
Lord of the Rings 1 + 2 + 3, Eternal Sunshine of the Spotless Mind, Sin City
95.6%
Marlon Brando
The Godfather, Apocalypse Now, On The Waterfront, A Streetcar Named Desire
95.3%
Clint Eastwood (Directing)
Gran Torino, Unforgiven, Million Dollar Baby, Mystic River, Letters From Iwo Jima
94.9%
Martin Scorsese
Goodfellas, Taxi Driver, The Departed, Raging Bull, Casino, Shutter Island
94.8%
Stanley Kubrick
Paths of Glory, Dr. Strangelove, The Shining, A Clockwork Orange, 2001: A Space Odyssey, Full Metal Jacket, The Killing, Barry Lyndon, Spartacus
94.6%
Steven Spielberg
Raiders of The Lost Ark, Schindler's List, Saving Private Ryan, Indiana Jones And The Last Crusade, Jaws
94.3%
Brad Pitt
Se7en, Inglourious Basterds, Fight Club, Snatch., Twelve Monkeys
94.1%
Orlando Bloom
The Lord of the Rings 1 + 2 + 3, Pirates of the Caribbean: The Curse of the Black Pearl
93.8%
Kevin Spacey
The Usual Suspects, American Beauty, Se7en, L.A. Confidential
93.5%
Samuel L. Jackson
Pulp Fiction, Goodfellas, Kill Bill Vol. 2, The Incredibles
93.5%
James Cameron
Avatar, Aliens, The Terminator, Terminator 2: Judgement Day
93.3%
Francis Ford Coppola
Apocalypse Now, The Conversation, The Godfather: Part I + II
92.3%
Sigourney Weaver
Alien, Aliens, Avatar, Annie Hall
92%
Joe Pesci
Once Upon A Time In America, Goodfellas, Raging Bull, Casino
91.8%
Christopher Nolan
The Dark Knight, Batman Begins, Inception, Memento, The Prestige
91.3%
Humphrey Bogart
Casablanca, The Treasure of the Sierra Madre, The Maltese Falcon, The Big Sleep, The African Queen
90%
James Stewart
It's A Wonderful Life, Rear Window, Vertigo, Mr. Smith Goes To Washington, Rope, Harvey, Anatomy of A Murder
89.9%
Steve Buscemi
Pulp Fiction, Monsters Inc., Reservoir Dogs, Fargo, The Big Lebowski, Big Fish
89.7%
James Earl Jones
Star Wars Episode IV + V + VI, The Lion King, Dr. Strangelove or..
88.7%
Michael Caine
Inception, The Dark Knight, Batman Begins, The Prestige, Sleuth, The Man Who Would Be King
85.3%
Person
Movie
% Correct
Diane Keaton
The Godfather: Part I + II, Manhattan, Annie Hall
85.3%
Paul Newman
The Sting, The Hustler, Cool Hand Luke, Butch Cassidy And The Sundance Kid
84.8%
Alec Guinness
Star Wars Episode IV + V + VI, Lawrence of Arabia, The Bridge On The River Kwai, Kind Hearts And Coronets
83.7%
Robert Duvall
The Godfather: Part I + II, Apocalypse Now, Network, To Kill A Mockingbird, The Conversation
83.7%
Hugo Weaving
Lord of the Rings 1 + 2 + 3, The Matrix, V For Vendetta
83%
Harvey Keitel
Pulp Fiction, Taxi Driver, Reservoir Dogs, Inglourious Basterds
80.7%
Charles Chaplin
City Lights, Modern Times, The Great Dictator, The Kid, The Gold Rush
78.4%
John Ratzenberger
Toy Story 1 + 2 + 3, Star Wars Episode V, WALL-E, Up, Gandhi, Finding Nemo, Ratatouille, The Incredibles
78.3%
Andy Serkis
The Lord of the Rings 1 + 2 + 3, The Prestige
77%
Sergio Leone
The Good, The Bad And The Ugly, Once Upon A Time In The West, Once Upon A Time In America, For A Few Dollars More
76.6%
George C. Scott
Dr. Strangelove, Anatomy of A Murder, Patton, The Hustler
74.5%
Michael Madsen
Reservoir Dogs, Sin City, Kill Bill Vol. 1 + 2
73.2%
Akira Kurosawa
Seven Samurai, Rashomon, Ran, Yojimbo, Ikiru
71.6%
Frank Capra
It's A Wonderful Life, Mr. Smith Goes To Washington, It Happened One Night, Arsenic and Old Lace
67.5%
Billy Wilder
Sunset Blvd., Double Indemnity, The Apartment, Some Like It Hot , Witness for the Prosecution, Stalag 17
65%
John Cazale
The Godfather: Part I + II, The Deer Hunter, The Conversation, Dog Day Afternoon
63.4%
Ian Holm
The Lord of the Rings 1 + 3, Alien, Ratatouille
60.1%
John Rhys-
Davies
The Lord of the Rings 1 + 2 + 3, Raiders of the Lost Ark, Indiana Jones And The Last Crusade
58.7%
R. Lee Ermey
Full Metal Jacket, Apocalypse Now, Se7en, Toy Story 1 + 2 + 3
56.4%
Hayao Miyazaki
Spirited Away, Princess Mononoke, My Neighbor Totoro, Howl's Moving Castle
53.3%
William Holden
Sunset Blvd., The Bridge On The River Kwai, Stalag 17, The Wild Bunch, Network
51.3%
Peter Lorre
M, Casablanca, The Maltese Falcon, Arsenic And Old Lace
48%
Max von Sydow
The Seventh Seal, Wild Strawberries, The Exorcist, Shutter Island, The Diving Bell And The Butterfly
46.9%
John Huston
The Treasure of the Sierra Madre, The Maltese Falcon,The African Queen, The Man Who Would Be King
46.9%
Don Rickles
Toy Story 1 + 2 + 3, Casino
45.6%
Wallace Shawn
The Incredibles, Manhattan, The Princess Bride, Toy Story 1 + 2 + 3
44.9%
David Prowse
Star Wars Episode IV + V + VI, A Clockwork Orange
42.6%
Claude Rains
Casablanca, Lawrence of Arabia, Mr. Smith Goes to Washington, Notorious, The Adventures of Robin Hood
39.1%
Joseph Cotton
Citizen Kane, The Third Man, Shadw of A Doubt, Touch of Evil
33.8%
Lee Unkrich
Finding Nemo, Toy Story 2 + 3, Monsters Inc.
33%
Bonnie Hunt
Toy Story 3, Rain Man, The Green Mile, Monsters Inc.
23.9%
Quiz Playlist
Details
Report
Send in Message
Add To Playlist
More Info:
For every actor or director with at least 4 films in the IMDB top 250, name one of their movies in the list.
Classic:
Type in answers that appear in a list
Forced Order:
Answers have to be entered in order
Quiz Source
Last Updated: Feb 16, 2017
Quiz Scoreboard
CHALLENGE
Sign Up to Join the Scoreboard
Show All
Scores
Hide
Comments
May contain spoilers
Recently Published
Presidents Visiting Landmarks
by Hejman
History
7m
An Introduction to Baseball
by treessimontrees
Sports
5m
Movies - When Are They Set?
by FPL_Elf
Movies
5m
More to Explore
Quiz From the Vault
Featured Blog Post
Where Did the Easter Bunny Come From?
hide this ad
You Might Also Like...
Tags
Actor Quiz
Director Quiz
250
imdb
Person
Representing
Today's Top Quizzes in Movies
Browse Movies
hide this ad
Today's Top Quizzes in Director
Browse Director
Top Contributed Quizzes in Movies
1
Pick 5 Posters: Directed by Spielberg
2
Pick 5 Posters: Lowest-Rated Spielberg
3
7-to-1: Pixar Characters
4
Multi-Oscar Nominations, One Movie, One Winner
5
Pick 5 Posters: Directed by Scorsese
6
12 Movies about Fictional 1960s Events
7
Pick 5 Posters: Star & Director
8
Sorting Actors
9
Sorting Actresses
10
One Thing in Common: Movies
Explore More
Trending Topics
Anime
NBA
Crossword
Kpop
Marvel
Disney
Harry Potter
Pokémon
The Office
Song
Country
WWE
Puzzle
Soccer
NFL
hide this ad
More By:
Jethro
Quiz
Plays
Rating
Category
Featured
Created
NBA 30+ Point Games by Team (2000s)
223,755
4.56
Sports
Jan 13, 2011
NBA 1500+ Point Seasons (2000s)
219,039
4.59
Sports
Nov 7, 2010
NFL Pro Bowls by Position (2000s)
185,245
4.64
Sports
Dec 18, 2010
NBA 10+ Rebounds Per Game (2000s)
131,290
4.40
Sports
Oct 19, 2010
NFL Last Five 70+ Catch Seasons
91,693
4.27
Sports
Jan 6, 2011
Go to Creator's Profile
Score Distribution
Quiz Creator Spotlight
Jethro
Follow
Send a Message
Quizzes Created
-
Created Quiz Play Count
-
More By This Creator
Popular Quizzes Today
1
Find the US States - No Outlines Minefield
2
Find the Countries of Europe - No Outlines Minefield
3
The Countries of the World
4
Find the US States
5
Popular People in 1961
6
US States
7
Risky Map Clicking: Biggest States A-Z
8
1-10 Letter E Words III
More Movies Quizzes
Pick the Meryl Streep Movie
Published
Trending Quizzes
Risky Map Clicking: Least Populous States A-Z
1-10 Letter G Words
1-10 Letter F Words
One Thing in Common: United Kingdom
Risky Map Clicking: Next State Alphabetically
Recently Updated
Leaping Animals
pecheneg
Reality TV Shows (A-Z)
bhenderson79
Rickey Henderson's Hall of Fame Teammates
pecheneg
Champions League XIs: Arsenal
pecheneg
Quick Pick: Celebrities in WWE's Hall of Fame
aduchscher
A-Z Keypad Blitz II
pecheneg
Multiple Oscar Actors
pecheneg
Mystery Phrase Blitz: Oscar 'Best Actors'
pecheneg
F. Scott Fitzgerald Novels
LTH
Pick 3 Villains
ddd62291
Trending Topics
Kpop
Harry Potter
Marvel
Anime
Crossword
NBA
Disney
The Office
Soccer
WWE
Song
Puzzle
Pokémon
Country
NFL
Your Account Isn't Verified!
In order to create a playlist on Sporcle, you need to verify the email address you used during registration. Go to your
Sporcle Settings
to finish the process.
Report this User
Report this user for behavior that violates our
Community Guidelines
.
Details:
Send Report
Go to the Sporcle.com Mobile Site →
Comments